000 00634nam a2200229Ia 4500
003 OSt
005 20220918231422.0
006 a|||||r|||| 00| 0
007 ta
008 220917b |||||||| |||| 00| 0 eng d
024 _a280,469
037 _cTextual
040 _aARTS
_cARTS
_beng
041 _2eng
_aeng
082 _aQ25:4173x1,1, 15K9
100 _aBhagavatpada Sankara
_9154580
245 0 _aLalita trisati bhasya english tr by Chaganti Suryanarayana Murthy
260 _c1969
300 _a148p.
_ccm.
942 _hQ25:4173x1,1, 15K9
_cTEXL
_2CC
999 _c291038
_d291038